000 01413aam a2200313 i 4500
001 768714001
003 CO-MdFUSB
005 20250426112705.0
007 ta
008 250426t1994 SP |||| |||| 00| 0 spa d
020 _a84-7465-745-6
040 _cCO-MdFUSB
041 0 _aspa
082 0 4 _223
_a239
_bG7951m
100 1 _aGreen, Michael (1930-)
_eautor
240 _aWorld on the run
245 1 0 _aUn mundo que huye
_c/ Michael Green
264 1 _bClie,
_aBarcelona, España :
_c[1994]
264 4 _c©1994
300 _a160 páginas
336 _atexto
_btxt
_2rdacontent
337 _2rdamedia
_asin mediación
_bn
338 _2rdacarrier
_avolumen
_bnc
505 _a¿El cristianismo una muleta? -- ¿Qué proclama el cristianismo? -- ¿Cuáles son las evidencias seculares con respecto al Señor Jesús? -- ¿Hay alguna referencia judía acerca del Señor Jesús? -- ¿Arroja la arqueología alguna luz sobre el Nuevo Testamento? -- ¿Cuán fiable es la evidencia del Nuevo Testamento con respecto al Señor Jesús? -- ¿Resucito el Señor Jesús de entre los muerto? -- Las evidencias - ¿y qué? -- ¿Son satisfactorios los argumentos de hombres agnósticos? -- ¿Desacredita la ciencia al cristianismo? -- ¿Marca el cristianismo alguna diferencia? -- ¿Es aburrido el cristianismo?
563 _aRústico
650 7 _aApologética
_9187
942 _cBK
945 _aJTF-925
999 _c33118
_d33118